• 首页
  • 本馆介绍
  • 公告通知
  • 最新文献
  • 馆藏检索
  • 电子资源
  • 读者导购
  • 参考咨询
  • 我的图书馆
  • 登录
  • 详细信息显示
  • 放入我的书架
  • 预约/预借图书
  • 作者相关作品
  • 分类相关作品
  • 丛书相关作品
  • 出版社相关作品

书目信息

  • 表格格式
  • 工作单格式
  • 卡片格式
题名:
世界植物图案3700例
    
 
作者: 徐炳兴 著
分册:  
出版信息: 上海   上海画报出版社  1992
页数: 509页
开本: 24cm
丛书名:
单 册:
中图分类: J522.3
科图分类:
主题词: 工艺美术--中国
电子资源:
ISBN: 7-80530-068-2
000 00548nam0 2200193 45
001 0405211114
005 20040521113200.3
010    @a7-80530-068-2@dCNY9.60
100    @a20040521d1992 km y0chiy0120 ea
101 0  @achi
105    @a z 000yy
200 1  @a世界植物图案3700例@AShi Jie Zhi Wu Tu An 3700 Li@f徐炳兴著@FXu Bing Xing Zhu
210    @a上海@c上海画报出版社@d1992
215    @a509页@d24cm
606 0  @a工艺美术@x中国
690    @aJ522.3@v3
701  0 @a徐炳兴@4著
801    @aCN@bPftUser@c20040521
905    @f2@b258360-361@dJ522.3@e28
    
    世界植物图案3700例/徐炳兴著.-上海:上海画报出版社,1992
    509页;24cm
    
    
    ISBN 7-80530-068-2:CNY9.60
    
●
相关链接 在E读中查询图书 在五车中查询图书 在当当中查询图书 在豆瓣中查询图书


正题名:世界植物图案3700例     索取号:J522.3/28         预约/预借

序号 登录号 条形码 馆藏地/架位号 状态 备注
1 0258359   000572883   第一样本阅览室/ [索取号:J522.3/28] 在馆    
2 0258360   000572856   第一借阅区/ [索取号:J522.3/28] 在馆    
3 0258361   000572874   第一借阅区/ [索取号:J522.3/28] 在馆    
唐山师范学院图书馆 欢迎您!
大连网信软件有限公司© 版权所有